Día feliz consagrado á los cultos del Corazón de Jesús /

Bibliographic Details
Main Author: Toledo, José Angel de
Format: Book
Language:Spanish
Published: Reimpreso en Guadalajara : En la oficina á cargo de José Osorio Santos, 1830.
Subjects:

MARC

Tag First Indicator Second Indicator Subfields
LEADER 00000cam a2200000Ia 4500
001 in00002715721
005 20151202142431.0
008 110816s1830 mx a 000 0 spa d
035 |a (OCoLC)ocn746901548 
035 |a (OCoLC)746901548 
040 |a TXA  |c TEF  |d UtOrBLW 
049 |a TXAM 
050 4 |a BX2157  |b .T65 1830 
100 1 |a Toledo, José Angel de. 
245 1 0 |a Día feliz consagrado á los cultos del Corazón de Jesús /  |c por el padre José Angel de Toledo. 
264 1 |a Reimpreso en Guadalajara :  |b En la oficina á cargo de José Osorio Santos,  |c 1830. 
300 |a 364 pages :  |b illustrations ;  |c 15 cm. 
336 |a text  |b txt  |2 rdacontent 
337 |a unmediated  |b n  |2 rdamedia 
338 |a volume  |b nc  |2 rdacarrier 
650 0 |a Sacred Heart, Devotion to. 
936 |a PR 651221851 
948 |a cataloged  |b h  |c 2011/9/7  |d c  |e hgolay  |f 10:08:32 am 
994 |a C0  |b TEF 
999 |a MARS 
999 f f |s 631f17f6-6e54-306e-8dd4-b392f093ca7f  |i 53d33036-0cae-3f57-9262-4c3c32017c2a  |t 0 
952 f f |p noncirc  |a Texas A&M University  |b College Station  |c Cushing Memorial Library & Archives  |d Cushing: Colonial Mexican Imprints (Does not check out)  |t 0  |e BX2157 .T65 1830  |h Library of Congress classification  |i unmediated -- volume  |m A14851976895 
998 f f |a BX2157 .T65 1830  |t 0  |l Cushing: Colonial Mexican Imprints (Does not check out)